000 01517nam a2200337Ia 4500
001 ebr10331448
003 CaPaEBR
006 m u
007 cr cn|||||||||
008 090303s2009 enk sb 001 0 eng d
010 _z 2009009319
020 _z9780754667599 (hardcover : alk. paper)
040 _aCaPaEBR
_cCaPaEBR
035 _a(OCoLC)477087846
050 1 4 _aBL476.5
_b.S56 2009eb
100 1 _aShort, Megan.
245 1 0 _aReligion and conflict resolution
_h[electronic resource] :
_bChristianity and South Africa's Truth and Reconciliation Commission /
_cMegan Short.
260 _aFarnham, Surrey, England ;
_aBurlington, VT :
_bAshgate Pub. Ltd.,
_c2009.
300 _axviii, 211 p.
504 _aIncludes bibliographical references and index.
533 _aElectronic reproduction.
_bPalo Alto, Calif. :
_cebrary,
_d2009.
_nAvailable via World Wide Web.
_nAccess may be limited to ebrary affiliated libraries.
610 1 0 _aSouth Africa.
_bTruth and Reconciliation Commission.
650 0 _aReconciliation
_xReligious aspects.
650 0 _aReconciliation
_xReligious aspects
_xChristianity.
650 0 _aConflict management
_xReligious aspects.
650 0 _aConflict management
_xReligious aspects
_xChristianity.
655 7 _aElectronic books.
_2local
710 1 _aSouth Africa.
_bTruth and Reconciliation Commission.
710 2 _aebrary, Inc.
856 4 0 _uhttp://site.ebrary.com/lib/rucke/Doc?id=10331448
_zAn electronic book accessible through the World Wide Web; click to view
999 _c51361
_d51361